00905 a2200205 4500001000700000040002200007041001600029082002200045245002200067250000800089260003700097300000800134362001300142490002200155500002200177697037400199942000700573952010000580999001900680142011 cLeonardo Da Vinci aPortuguês ar920 M922mbM922m aMULHERES imortais av.1 bMelhoramentosc1970aSão Paulo a224 a19700000 aMulheres imortais aObra em 3 volumes aReferênciaaCuriosidadesaBiografiaaMulheresaElisabete da ÁustriaaJosefina BeauharnaisaHarriet Beecher StoweaBetina BrentanoaPaulina BorgheseaCatarina de MédicisaSarah BernhardtaLucrécia BórgiaaFrancisca CabriniaCatarina da RússiaaCatarina de SienaaIrmãs BrontëaMessalinaaCarlota CordayaMata HariaVitória ColonnaaCristina da Suécia cBK 00104070a71.1b71.1d2024-03-27l0or920 M922mpO005460r2024-03-27 22:46:36w2024-03-27yBK c142011d142011